000 00377nam a2200145Ia 4500
008 240624s9999 xx 000 0 und d
041 _aeng
082 _a338.04 JON
100 _aJONES GEOFFREY
245 _aENTREPRENEURSHIP AND GLOBAL CAPITALISM
260 _c2007
_aUnited Kingdom
_bEdward Elgar
300 _axlv, : 513 : p. : cm. ; 25
365 _cGBP
_b30
440 _v1
999 _c27576
_d27576